The Concise Dictionaryof National Biography. (Record no. 2642)

MARC details
000 -LEADER
fixed length control field 00371nam a22001217a 4500
005 - DATE AND TIME OF LATEST TRANSACTION
control field 20200922115523.0
008 - FIXED-LENGTH DATA ELEMENTS--GENERAL INFORMATION
fixed length control field 200922b ||||| |||| 00| 0 eng d
020 ## - INTERNATIONAL STANDARD BOOK NUMBER
International Standard Book Number 198653018
040 ## - CATALOGING SOURCE
Transcribing agency CML
245 ## - TITLE STATEMENT
Title The Concise Dictionaryof National Biography.
260 ## - PUBLICATION, DISTRIBUTION, ETC.
Place of publication, distribution, etc. London
Name of publisher, distributor, etc. Oxford University
Date of publication, distribution, etc. 1920
942 ## - ADDED ENTRY ELEMENTS (KOHA)
Source of classification or shelving scheme Dewey Decimal Classification
Koha item type Books
Edition 1st Edition
Classification part 920
Call number prefix GEN REF 920
Call number suffix DIC
Holdings
Withdrawn status Lost status Source of classification or shelving scheme Damaged status Not for loan Collection code Home library Current library Shelving location Date acquired Total Checkouts Full call number Date last seen Copy number Price effective from Koha item type
    Dewey Decimal Classification     Geography & History Chalimbana Main Library Chalimbana Main Library Geography & History 09/22/2020   GEN REF 920.042 DIC 09/22/2020 1 09/22/2020 Books

Powered by Koha